000 00741nam a2200217Ia 4500
003 GCL
008 140319s9999 xx 000 0 ara d
040 _aGCL /
_cGCL
082 0 4 _a410.05
_bم م
100 1 _aمحمد شوقى امين (اخراج ومراجع)
245 1 0 _aمجموعة القرارات العلمية فى خمسين عاما 1984-1934 /
_cمحمد شوقى امين (اخراج ومراجع)
700 1 _aابراهيم الترزى
260 _a[S.N] :
_bمجمع اللغة العربية ،
_c1984
300 _a326 ص
490 _a
650 0 4 _aالالفاظ
650 0 4 _aاللغة العربية
650 0 4 _aالمعاجم
650 0 4 _aالمترادفات والاضداد
942 _2ddc
_cBK
999 _c34296
_d34296